01069nam a2200217Ia 4500008004100000020001800041040001800059041000800077245005300085260006400138300001200202500004100214508003900255511009900294520026400393546002300657650001700680650004000697700002500737856008900762130821s1999 xxu gs eng  a0 7888 2268 3 aCo-BoUcmbspa00aeng00aDeuce Bigalow male gigoloc[DVD]cMike Mitchell aWashington D.C. (Estados Unidos)bTouchstone Picturesc1999 a1 (DVD) aConocida en español como Gigoló. aGuión Rob Schneider & Tom Brady. aRob Schneider, William Forsythe, Eddie Griffin, Arija Bareikis, Oded Fehr, Jacqueline Obradors aDeuce Bigalow trabaja de limpiador en un acuario hasta que un día pierde su empleo. Más tarde consigue un empleo temporal en la casa de un gigoló, pero cuando accidentalmente la destruye se verá obligado a trabajar como chico de compañía. Tendrá aAudio en inglés. aComediavDVD aPelículas cinematográficasvDVD1 aMitchell, Mikeedir.04uhttp://www.youtube.com/watch?v=IolwM3rGNPczSiga este vínculo para ver el trailer.